Recenzió Perica Špehar & Olga Špehar (eds): A Templomdomb a középkorban: Kiállítási katalógus / Crkveno brdo in the Middle Ages: Exhibition catalogue /

Elmentve itt :
Bibliográfiai részletek
Szerző: Bíró Gyöngyvér
Dokumentumtípus: Cikk
Megjelent: 2024
Sorozat:MAGYAR RÉGÉSZET 13 No. 3
Tárgyszavak:
mtmt:35655937
Online Access:http://publicatio.bibl.u-szeged.hu/37410
LEADER 00754nab a2200193 i 4500
001 publ37410
005 20250808112314.0
008 250808s2024 hu o 000 hun d
022 |a 2416-0288 
024 7 |a 35655937  |2 mtmt 
040 |a SZTE Publicatio Repozitórium  |b hun 
041 |a hun 
100 1 |a Bíró Gyöngyvér 
245 1 0 |a Recenzió  |h [elektronikus dokumentum] :  |b Perica Špehar & Olga Špehar (eds): A Templomdomb a középkorban: Kiállítási katalógus / Crkveno brdo in the Middle Ages: Exhibition catalogue /  |c  Bíró Gyöngyvér 
260 |c 2024 
300 |a 77-79 
490 0 |a MAGYAR RÉGÉSZET  |v 13 No. 3 
650 4 |a Történettudomány és régészet 
856 4 0 |u http://publicatio.bibl.u-szeged.hu/37410/1/Biro_H24O.pdf  |z Dokumentum-elérés